Ο Ατσίδας και λαθρεπιβάτης
Saved in:
| Main Author: | |
|---|---|
| Other Authors: | |
| Format: | Book |
| Language: | Greek French |
| Published: |
[Αθήνα] :
Σύγχρονοι Ορίζοντες,
2005.
|
| Series: | Παιδικά εικονογραφημένα
|
| Subjects: | |
| Tags: |
Add Tag
No Tags, Be the first to tag this record!
|
MARC
| LEADER | 00000cam a2200000 a 4500 | ||
|---|---|---|---|
| 001 | 1/111233 | ||
| 008 | 160704t2005####gr | ||| |||| ||gre|| | ||
| 020 | |a 9603981478 | ||
| 040 | |a GR-MyUa |b gre |c GR-MyUa |e AACR2 | ||
| 041 | 1 | |a gre |h fre | |
| 082 | 7 | |a 808.899282 |2 (23) | |
| 100 | 1 | |a Baronian, Jean-Baptiste. | |
| 245 | 1 | 1 | |a Ο Ατσίδας και λαθρεπιβάτης / |c Ζαν-Μπαπτίστ Μπαρονιάν ; εικονογράφηση Λοράνσ Λ. ; μετάφραση απόδοση Βαγγέλλης Τασιόπουλος. |
| 260 | |a [Αθήνα] : |b Σύγχρονοι Ορίζοντες, |c 2005. | ||
| 300 | |a [32] σ. : |b εικ. ; |c 28 εκ. | ||
| 490 | 1 | |a (Παιδικά εικονογραφημένα) - Σύγχρονοι Ορίζοντες | |
| 650 | 0 | |a Illustrated children's books. | |
| 650 | 0 | |a Children's literature |x Illustrations. | |
| 650 | 0 | |a Children's stories. | |
| 700 | 1 | |a Afano, Laurence, |d 1972- |e ill | |
| 830 | 0 | |a Παιδικά εικονογραφημένα | |
| 852 | |a INST |b SAMOS |e 20160704 |h 808.899282 BOR |p 005300043646 |q 005300043646 |t BK |y 0 | ||
| 970 | |a Γουβάλα |b Βάσω |z 04-07-2015 | ||